Statystyki dla Najwięksi partnerzy handlowi - Niemcy

Kliknij tutaj aby rozwiązać quiz!

Ogólne statystyki

  • Ten quiz został rozwiązany 144 razy
  • Średni wynik to 15 z 17

Statystyki odpowiedzi

EksportImportPaństwo% Poprawnych
58,9 miliardów51,5 miliardówPolska
100%
119 miliardów65,8 miliardówStany Zjednoczone
98%
111 miliardów72,9 miliardówFrancja
97%
85,4 miliardów105 miliardówChiny
95%
23,6 miliardów29,4 miliardówRosja
95%
67,3 miliardów57,3 miliardówWłochy
95%
44,5 miliardów30,7 miliardówHiszpania
93%
94,1 miliardów39,4 miliardówWielka Brytania
89%
65,4 miliardów42,5 miliardówAustria
86%
45,8 miliardów41,9 miliardówBelgia
86%
42,7 miliardów46,9 miliardówCzechy
84%
55,3 miliardów49,6 miliardówSzwajcaria
84%
27,9 miliardówSzwecja
84%
86,8 miliardów92,5 miliardówHolandia
83%
25,4 miliardówJaponia
83%
24,9 miliardów17,0 miliardówTurcja
68%
25,4 miliardów27,6 miliardówWęgry
56%

Rozkład punktacji

Percentyl według liczby udzielonych odpowiedzi

Procent ludzi z każdym wynikiem

Twoja historia wyników

Nie rozwiązałeś tego quizu